00335nam a2200133Ia 4500003000400000005001700004008004100021040001800062041000800080100005200088110001800140245002300158260002000181OSt20230526111001.0211028s2017 xx 000 0 und d cAIMIT LIBRARY aeng aMonteiro, Mackson Ajay; Dsouza, Mithun.e151917 aMithun Dsouza aMy classmate care. aMangalorec2017